[Event "DEM U10w 2016"]
[Site "Willingen GER"]
[Date "2016.05.17"]
[Round "5"]
[White "Schneider, Anna"]
[Black "Butenandt, Svenja"]
[Result "0-1"]
[Termination "normal"]
[Board "1"]
[WhiteElo "1365"]
[BlackElo "1451"]
[WhiteClock "00:57:38"]
[BlackClock "00:23:16"]
[PlyCount "66"]
[WhiteFideId "16200527"]
[BlackFideId "12993859"]
[EventCountry "GER"]
[EventRounds "11"]
[EventType "swiss"]
[EventDate "2016.05.14"]

1. e4 c5 2. Nf3 d6 3. d4 cxd4 4. Nxd4 Nf6 5. Nc3 g6 6. Be3 Bg7 7. f3 O-O 8. Qd2
Nc6 9. O-O-O d5 10. Nxc6 bxc6 11. e5 Nd7 12. f4 Nb6 13. h4 h5 14. Rg1 Bg4 15.
Be2 Qd7 16. Rdf1 Rfd8 17. Bc5 d4 18. Bxg4 Qxg4 19. Ne4 Qd7 20. Nf2 Bf8 21. g4
hxg4 22. Rxg4 Qd5 23. Ba3 Qxa2 24. c3 Qa1+ 25. Kc2 Qxf1 26. Nd3 dxc3 27. bxc3
Nc4 28. Qc1 Qxd3+ 29. Kb3 Rab8+ 30. Ka2 Qe2+ 31. Bb2 Qxb2+ 32. Qxb2 Rxb2+ 33.
Ka1 Rd1# 0-1

[Event "DEM U10w 2016"]
[Site "Willingen GER"]
[Date "2016.05.17"]
[Round "5"]
[White "Becker, Linda"]
[Black "Werner, Rosalie"]
[Result "0-1"]
[Termination "normal"]
[Board "3"]
[WhiteElo "1093"]
[BlackElo "1075"]
[WhiteClock "00:59:29"]
[BlackClock "00:46:00"]
[PlyCount "108"]
[WhiteFideId "16244753"]
[BlackFideId "16223748"]
[EventCountry "GER"]
[EventRounds "11"]
[EventType "swiss"]
[EventDate "2016.05.14"]

1. e4 e6 2. d4 d5 3. e5 c5 4. c3 Nc6 5. Nf3 Qb6 6. Bd3 Bd7 7. O-O cxd4 8. cxd4
f6 9. Nc3 f5 10. Qe2 Nge7 11. Ng5 g6 12. Bf4 Nxd4 13. Qe3 Ndc6 14. Qxb6 axb6
15. Nb5 Rc8 16. Nd6+ Kd8 17. Nxc8 Kxc8 18. Nf7 Rg8 19. Rfc1 Rg7 20. Nd6+ Kb8
21. Be3 Kc7 22. b4 Kb8 23. Bb5 g5 24. Bxb6 h5 25. Kf1 f4 26. h3 g4 27. h4 f3
28. g3 Rg8 29. a4 Bg7 30. Rcb1 Bxe5 31. Ra3 Bxd6 32. Rab3 e5 33. a5 Nf5 34. a6
Nfd4 35. a7+ Ka8 36. R3b2 Nxb5 37. Rd2 Nc3 38. Rc1 d4 39. Rxc3 dxc3 40. Rxd6
Rg7 41. Rh6 Re7 42. Ke1 Re8 43. Rxh5 Nxb4 44. Kd1 Ba4+ 45. Kc1 c2 46. Kd2 Na2
47. Be3 c1=Q+ 48. Kd3 Qc3+ 49. Ke4 Nb4 50. Kf5 Rf8+ 51. Kxg4 Qc4+ 52. Kg5 Bc2
53. Kh6 Rg8 54. Rxe5 Qc6+ 0-1

[Event "DEM U10w 2016"]
[Site "Willingen GER"]
[Date "2016.05.17"]
[Round "5"]
[White "Zhou, Lepu Coco"]
[Black "Bildat, Emilia"]
[Result "1-0"]
[Termination "normal"]
[Board "4"]
[WhiteElo "1645"]
[BlackElo "947"]
[WhiteClock "00:42:59"]
[BlackClock "00:34:46"]
[PlyCount "91"]
[WhiteFideId "16217136"]
[BlackFideId "16218140"]
[EventCountry "GER"]
[EventRounds "11"]
[EventType "swiss"]
[EventDate "2016.05.14"]

1. e4 e5 2. Nf3 Nc6 3. Bc4 Be7 4. O-O Nf6 5. d4 exd4 6. e5 Ne4 7. Re1 d5 8. Bb5
O-O 9. Nbd2 Nc5 10. Bxc6 bxc6 11. Nxd4 Bd7 12. N2b3 Kh8 13. Nxc5 Bxc5 14. Be3
Bxd4 15. Bxd4 Bf5 16. c3 a6 17. Qf3 Bg6 18. Qg3 Qd7 19. Rad1 Qe6 20. Bc5 Rfe8
21. h3 Rad8 22. Qh4 Rd7 23. Qa4 h6 24. Qxa6 Red8 25. a4 Rb8 26. b4 Rdd8 27. Ra1
Ra8 28. Qb7 Qd7 29. b5 Rab8 30. bxc6 Rxb7 31. cxd7 Rxd7 32. Red1 c6 33. a5 Rb8
34. c4 Ra8 35. cxd5 cxd5 36. Bd6 f6 37. Rxd5 Ra6 38. Rad1 Bf7 39. R5d4 Rxa5 40.
exf6 gxf6 41. Be5 Rxd4 42. Bxf6+ Kh7 43. Rxd4 Rf5 44. Bd8 Kg6 45. g4 Rf6 46.
Bxf6 1-0

[Event "DEM U10w 2016"]
[Site "Willingen GER"]
[Date "2016.05.17"]
[Round "5"]
[White "Peglau, Charis"]
[Black "Bashylina, Luisa"]
[Result "0-1"]
[Termination "normal"]
[Board "5"]
[WhiteElo "1097"]
[BlackElo "1664"]
[WhiteClock "00:29:33"]
[BlackClock "00:33:51"]
[PlyCount "84"]
[WhiteFideId "16219996"]
[BlackFideId "12983292"]
[EventCountry "GER"]
[EventRounds "11"]
[EventType "swiss"]
[EventDate "2016.05.14"]

1. e4 c5 2. Nf3 e6 3. g3 a6 4. Bg2 Nc6 5. O-O d6 6. d4 cxd4 7. Nxd4 Qc7 8. c3
b5 9. Be3 Bb7 10. Nd2 Nf6 11. Qc2 Ng4 12. N2f3 Be7 13. c4 Nxd4 14. Nxd4 bxc4
15. b3 Rc8 16. Rac1 Nf6 17. bxc4 O-O 18. f4 Nd7 19. Kh1 Nb6 20. Qb3 Nd7 21. Bg1
Rb8 22. Qd3 Nc5 23. Qe2 Bf6 24. Nb3 Nd7 25. Qg4 Rfc8 26. Nd4 Nc5 27. Rfe1 Nd3
28. Red1 Nxc1 29. Rxc1 d5 30. e5 Be7 31. Bf1 dxc4+ 32. Nf3 c3 33. Bg2 Ba3 34.
f5 exf5 35. Qxf5 Bxc1 36. Ng5 Bxg2+ 37. Kxg2 Bxg5 38. Qxg5 Qc6+ 39. Kh3 Qh6+
40. Qxh6 gxh6 41. Be3 c2 42. Bc1 Rb1 0-1

[Event "DEM U10w 2016"]
[Site "Willingen GER"]
[Date "2016.05.17"]
[Round "5"]
[White "Adelmeyer, Nelly"]
[Black "Pohle, Saskia"]
[Result "1-0"]
[Termination "normal"]
[Board "6"]
[WhiteElo "1086"]
[BlackElo "1228"]
[WhiteClock "00:13:51"]
[BlackClock "00:14:06"]
[PlyCount "105"]
[WhiteFideId "16203577"]
[BlackFideId "16201604"]
[EventCountry "GER"]
[EventRounds "11"]
[EventType "swiss"]
[EventDate "2016.05.14"]

1. e4 e5 2. Nf3 Nc6 3. d4 exd4 4. Nxd4 Bc5 5. Nb3 Bb6 6. Nc3 Nf6 7. Bg5 h6 8.
Bh4 d6 9. Qf3 Be6 10. Bxf6 Qxf6 11. Qxf6 gxf6 12. O-O-O Bxf2 13. Bb5 Bd7 14.
Rdf1 Be3+ 15. Kb1 Bg5 16. h4 Be3 17. Rxf6 O-O-O 18. Nd5 Bd4 19. Rxf7 Rhf8 20.
Rxf8 Rxf8 21. Bxc6 Bxc6 22. Nxd4 Bxd5 23. exd5 Re8 24. Nb5 Kb8 25. Rf1 h5 26.
a3 a6 27. Nc3 Re7 28. Rg1 Rg7 29. Nd1 Rg6 30. Nf2 Rg3 31. Ne4 Rg4 32. Nf6 Rxh4
33. g4 hxg4 34. Rxg4 Rh1+ 35. Ka2 Rf1 36. Ne4 Rf7 37. Kb3 Ka7 38. Kb4 Kb6 39.
c4 Re7 40. Nc3 a5+ 41. Kb3 Rf7 42. Rg8 Kc5 43. Rg4 Kb6 44. Na4+ Ka6 45. Rg8 Ka7
46. Nc3 Re7 47. Nb5+ Kb6 48. Ka4 Kc5 49. Kxa5 Kxc4 50. Rg4+ Kxd5 51. Nc3+ Kc5
52. b3 Re8 53. Rc4# 1-0

[Event "DEM U10w 2016"]
[Site "Willingen GER"]
[Date "2016.05.17"]
[Round "5"]
[White "Breß, Amy Charlize"]
[Black "Baltic, Sara"]
[Result "1/2-1/2"]
[Termination "normal"]
[Board "7"]
[WhiteElo "1059"]
[BlackElo "1149"]
[PlyCount "84"]
[WhiteFideId "16233786"]
[BlackFideId "16210409"]
[EventCountry "GER"]
[EventRounds "11"]
[EventType "swiss"]
[EventDate "2016.05.14"]

1. e4 e6 2. d4 d5 3. Nc3 Bb4 4. e5 Ne7 5. Bd2 Bxc3 6. Bxc3 b6 7. Nf3 Ba6 8.
Bxa6 Nxa6 9. Qd2 O-O 10. O-O c5 11. a3 Qd7 12. Qd3 c4 13. Qd2 b5 14. Bb4 Nxb4
15. Qxb4 a5 16. Qd2 Nc6 17. c3 Rfb8 18. Rfb1 Qb7 19. b3 cxb3 20. Rxb3 a4 21.
Rb2 Na5 22. Qd3 Nb3 23. Rab1 Qe7 24. Ra2 Rb6 25. Nd2 Nxd2 26. Qxd2 Rc8 27. Qd3
Rcb8 28. Rb4 Qd7 29. Rab2 Qc6 30. Qe2 Qxc3 31. g3 Qxa3 32. Rxb5 Rxb5 33. Rxb5
Rxb5 34. Qxb5 g6 35. Qe8+ Kg7 36. Kg2 Qa1 37. Qe7 h5 38. Qf6+ Kh6 39. Qf4+ Kg7
40. Qf6+ Kf8 41. Qd8+ Kg7 42. Qf6+ Kh6 1/2-1/2

[Event "DEM U10w 2016"]
[Site "Willingen GER"]
[Date "2016.05.17"]
[Round "5"]
[White "Derling, Charlotte"]
[Black "Müller, Helene"]
[Result "1-0"]
[Termination "normal"]
[Board "8"]
[WhiteElo "974"]
[BlackElo "1107"]
[PlyCount "175"]
[WhiteFideId "16222237"]
[BlackFideId "16240456"]
[EventCountry "GER"]
[EventRounds "11"]
[EventType "swiss"]
[EventDate "2016.05.14"]

1. e4 c5 2. Nf3 d6 3. d4 cxd4 4. Nxd4 Nf6 5. Nc3 a6 6. Be3 e6 7. Bd3 Be7 8. O-O
Bd7 9. Re1 Nc6 10. Nf3 O-O 11. Bf4 Ng4 12. h3 Nge5 13. Nxe5 Nxe5 14. Qh5 Ng6
15. Bd2 Bf6 16. e5 dxe5 17. Ne4 Bc6 18. Re3 Bb5 19. Rf3 Be7 20. Bg5 Bxg5 21.
Nxg5 h6 22. Ne4 Bxd3 23. Rxd3 Qe7 24. Rf3 Qh4 25. Qxh4 Nxh4 26. Rd3 f5 27. Nd6
e4 28. Rdd1 b5 29. Re1 Kh7 30. b3 g5 31. c4 bxc4 32. bxc4 Ra7 33. Rac1 Rc7 34.
c5 f4 35. Nxe4 f3 36. g3 Ng6 37. Rb1 Ne5 38. Rec1 Nd3 39. Rc3 Ne5 40. Rb6 Rfc8
41. Rxa6 Nd7 42. Ra5 Kg6 43. g4 h5 44. a4 h4 45. Rb5 Ne5 46. a5 Nc6 47. Nd6 Ra8
48. Ra3 Nd4 49. Rb6 Rxc5 50. a6 Rc7 51. Rb7 Rxb7 52. axb7 Rb8 53. Ra8 Nc6 54.
Kf1 Kf6 55. Rxb8 Nxb8 56. Ke1 Ke5 57. Nf7+ Kf4 58. Kd2 e5 59. Nd6 e4 60. Nc4
Nc6 61. Ke1 e3 62. Nxe3 Nb8 63. Kd2 Ke5 64. Nc4+ Ke4 65. Kc3 Kd5 66. Na5 Na6
67. Nc4 Ke4 68. Nd6+ Kd5 69. Nf7 Ke6 70. Nxg5+ Kf6 71. Ne4+ Kg6 72. Kd3 Nb8 73.
Ke3 Nc6 74. Kxf3 Ne5+ 75. Ke3 Nc6 76. f4 Nb8 77. Kd4 Nc6+ 78. Kd5 Nb4+ 79. Ke6
Na6 80. Ke7 Nb8 81. f5+ Kg7 82. f6+ Kg6 83. f7 Nc6+ 84. Kd6 Nb8 85. f8=Q Kh7
86. Ke6 Nc6 87. Ng5+ Kg6 88. Qf6# 1-0

[Event "DEM U10w 2016"]
[Site "Willingen GER"]
[Date "2016.05.17"]
[Round "5"]
[White "Lorenz, Anouk"]
[Black "Grey, Anna"]
[Result "0-1"]
[Termination "normal"]
[Board "9"]
[WhiteElo "1187"]
[BlackElo "964"]
[PlyCount "134"]
[WhiteFideId "12990256"]
[BlackFideId "16226917"]
[EventCountry "GER"]
[EventRounds "11"]
[EventType "swiss"]
[EventDate "2016.05.14"]

1. e4 c5 2. Nc3 Nc6 3. f4 e6 4. Nf3 d5 5. a4 a6 6. Be2 Nf6 7. e5 Nd7 8. O-O Be7
9. d4 O-O 10. Qe1 cxd4 11. Na2 Bc5 12. Bd3 Qe7 13. Qg3 b6 14. Qh3 h6 15. Re1
Bb7 16. Kh1 a5 17. c3 Ba6 18. Bc2 b5 19. axb5 Bxb5 20. f5 exf5 21. Qxf5 d3 22.
Bb1 Qe6 23. Qf4 Rae8 24. Bd2 Ndxe5 25. b4 axb4 26. cxb4 Bb6 27. Nc3 Bc4 28. b5
Bxb5 29. Nxb5 Re7 30. Bxd3 Rfe8 31. h3 Qd7 32. Nxe5 Nxe5 33. Qg3 Bf2 34. Qxf2
Nxd3 35. Qg3 Nxe1 36. Rxe1 Rxe1+ 37. Bxe1 Qxb5 38. Kh2 Qb1 39. Bc3 Qg6 40. Qf3
Rd8 41. Kg1 Qd6 42. Kf2 Re8 43. Qg4 Qg6 44. Qf3 Qg5 45. g4 Re4 46. Qd3 Qf4+ 47.
Qf3 Qxf3+ 48. Kxf3 Re8 49. h4 Kh7 50. Kf4 Re4+ 51. Kf3 Kg6 52. Bb2 f6 53. Bc3
h5 54. gxh5+ Kxh5 55. Bd2 Kxh4 56. Bc3 g5 57. Bxf6 Rf4+ 58. Ke3 Rxf6 59. Kd3
Rf4 60. Ke3 d4+ 61. Ke2 g4 62. Kd2 Rf3 63. Ke2 d3+ 64. Ke1 g3 65. Kd1 Rf2 66.
Kc1 g2 67. Kd1 g1=Q# 0-1

[Event "DEM U10w 2016"]
[Site "Willingen GER"]
[Date "2016.05.17"]
[Round "5"]
[White "Keymer, Cecilia"]
[Black "Engelhardt, Wilhelmine"]
[Result "1-0"]
[Termination "normal"]
[Board "10"]
[WhiteElo "923"]
[BlackElo "1156"]
[PlyCount "75"]
[WhiteFideId "16233468"]
[BlackFideId "16245652"]
[EventCountry "GER"]
[EventRounds "11"]
[EventType "swiss"]
[EventDate "2016.05.14"]

1. d4 Nf6 2. c4 e6 3. Nc3 Bb4 4. Nf3 b6 5. Bf4 Bb7 6. e3 O-O 7. Bd3 Ne4 8. Rc1
c5 9. O-O Bxc3 10. bxc3 cxd4 11. cxd4 d6 12. Qc2 Nf6 13. Ng5 g6 14. Ne4 Nxe4
15. Bxe4 Bxe4 16. Qxe4 Na6 17. Rfd1 Re8 18. Qf3 Rc8 19. e4 Nb4 20. a3 Nc6 21.
e5 d5 22. Qe3 Na5 23. cxd5 Rxc1 24. Rxc1 exd5 25. Qh3 Qe7 26. Qf3 Kh8 27. Rc3
f6 28. Qxd5 Rd8 29. Qe4 f5 30. Qe3 b5 31. Bg5 Nc4 32. Bxe7 Rd7 33. Bf6+ Kg8 34.
Qd3 Nb2 35. Qxb5 Rf7 36. Qe8+ Rf8 37. Qe6+ Rf7 38. Rc8# 1-0

[Event "DEM U10w 2016"]
[Site "Willingen GER"]
[Date "2016.05.17"]
[Round "5"]
[White "Wörz, Ann-Sophie"]
[Black "Zöllner, Bente"]
[Result "1-0"]
[Termination "normal"]
[Board "11"]
[WhiteElo "1145"]
[BlackElo "922"]
[PlyCount "107"]
[WhiteFideId "16265890"]
[BlackFideId "16230523"]
[EventCountry "GER"]
[EventRounds "11"]
[EventType "swiss"]
[EventDate "2016.05.14"]

1. e4 c5 2. Nf3 d6 3. Bb5+ Nc6 4. d4 cxd4 5. Nxd4 Bd7 6. Nb3 Nf6 7. Nc3 g6 8.
O-O Bg7 9. h3 O-O 10. Re1 Qc7 11. Bf4 Rfd8 12. a3 a6 13. Bd3 Qb6 14. Be3 Qc7
15. f4 Bh6 16. Rf1 Ne5 17. Qe2 Nxd3 18. cxd3 e6 19. Qf2 Kg7 20. Bb6 Qc6 21.
Bxd8 Rxd8 22. Nd4 Qc5 23. Rae1 Nh5 24. g3 f5 25. e5 Qc7 26. Kh2 dxe5 27. fxe5
Bc6 28. Nxe6+ Kf7 29. Nxc7 Rxd3 30. g4 Ng3 31. e6+ Ke7 32. Rg1 Kd8 33. Rxg3
Rxg3 34. Qxg3 f4 35. Qh4+ Kxc7 36. Qxh6 f3 37. Qxh7+ Kd6 38. Qxg6 Kc7 39. e7
Kb6 40. e8=Q a5 41. Nd5+ Kc5 42. Qd3 Bxe8 43. Rxe8 f2 44. Rc8+ Kd6 45. Ne3+ Ke7
46. Kg2 b5 47. Kxf2 a4 48. Nc2 b4 49. Rc4 b3 50. Re4+ Kf6 51. Qd5 Kg7 52. Qd6
bxc2 53. Re7+ Kf8 54. Qd8# 1-0

[Event "DEM U10w 2016"]
[Site "Willingen GER"]
[Date "2016.05.17"]
[Round "5"]
[White "von Beckh, Frieda"]
[Black "Wimmer, Katharina"]
[Result "1/2-1/2"]
[Termination "normal"]
[Board "12"]
[WhiteElo "1071"]
[BlackElo "934"]
[PlyCount "76"]
[WhiteFideId "16233751"]
[BlackFideId "16265947"]
[EventCountry "GER"]
[EventRounds "11"]
[EventType "swiss"]
[EventDate "2016.05.14"]

1. e4 e5 2. Nf3 Nc6 3. Bc4 Bc5 4. c3 d6 5. d4 Bb6 6. O-O Nf6 7. Re1 Bg4 8. d5
Ne7 9. Bg5 Ng6 10. Nbd2 h6 11. Bxf6 Qxf6 12. a4 O-O 13. a5 Bc5 14. b4 Bxb4 15.
cxb4 c6 16. h3 Bd7 17. Rc1 cxd5 18. Bxd5 Nf4 19. Bc4 Rac8 20. Re3 Rfe8 21. Nb3
Ba4 22. Rec3 Bc6 23. b5 Bd7 24. Bf1 Rb8 25. Rc7 Red8 26. b6 a6 27. R1c2 Qg6 28.
R7c4 Bxh3 29. g3 Be6 30. Rb4 Bg4 31. Rd2 Rbc8 32. Be2 Nh3+ 33. Kf1 Rc3 34. Nxe5
Bxe2+ 35. Qxe2 Qf6 36. Nd3 Re8 37. Qg4 Rxd3 38. Rc2 Rc3 1/2-1/2

[Event "DEM U10w 2016"]
[Site "Willingen GER"]
[Date "2016.05.17"]
[Round "5"]
[White "Krebs, Elisabeth"]
[Black "Roncea, Andreea-Alexandra"]
[Result "1-0"]
[Termination "normal"]
[Board "14"]
[WhiteElo "1076"]
[BlackElo "857"]
[PlyCount "33"]
[BlackFideId "16233115"]
[EventCountry "GER"]
[EventRounds "11"]
[EventType "swiss"]
[EventDate "2016.05.14"]

1. e4 e5 2. Nf3 Nf6 3. Nc3 Nc6 4. Bc4 Nxe4 5. Nd5 Bc5 6. Qe2 Nxf2 7. O-O Qe7 8.
Nxe7 Ng4+ 9. Kh1 Nf2+ 10. Kg1 Ng4+ 11. d4 Nxd4 12. Nxd4 Bxd4+ 13. Kh1 Nf2+ 14.
Rxf2 Bxf2 15. Qxf2 Kxe7 16. Qxf7+ Kd8 17. Bg5# 1-0

[Event "DEM U10w 2016"]
[Site "Willingen GER"]
[Date "2016.05.17"]
[Round "5"]
[White "Gossing, Marie-Sophie"]
[Black "Scherf, Alexa"]
[Result "1-0"]
[Termination "normal"]
[Board "15"]
[WhiteElo "808"]
[BlackElo "922"]
[PlyCount "97"]
[WhiteFideId "16217284"]
[EventCountry "GER"]
[EventRounds "11"]
[EventType "swiss"]
[EventDate "2016.05.14"]

1. e4 c5 2. d4 d6 3. dxc5 dxc5 4. Qxd8+ Kxd8 5. Nf3 Nf6 6. e5 Nd5 7. Bc4 Nb4 8.
Bb3 Bf5 9. Na3 N8c6 10. O-O e6 11. Bg5+ Be7 12. Bxe7+ Nxe7 13. Rfd1+ Ke8 14. c3
Nbd5 15. Bxd5 exd5 16. Nb5 Kf8 17. Nc7 Rd8 18. c4 Bc2 19. Rd2 Be4 20. Ng5 f5
21. Nce6+ Ke8 22. Nxd8 Rg8 23. Nxb7 h6 24. Nxe4 dxe4 25. Rd8+ Kf7 26. Nd6+ Ke6
27. Rxg8 Kxe5 28. Nf7+ Kf6 29. Rf8 f4 30. Rd1 e3 31. fxe3 fxe3 32. Re1 Ng6 33.
Nd6+ Ke7 34. Rf7+ Kxd6 35. Rxa7 Ne7 36. Rxe3 Nf5 37. Rd3+ Ke5 38. Kf2 Ke4 39.
Rad7 Nd4 40. Re3+ Kf4 41. Rf7+ Nf5 42. Rf3+ Kg5 43. R7xf5+ Kg6 44. Rxc5 Kh7 45.
Rf7 Kg6 46. Rcc7 Kh7 47. Rxg7+ Kh8 48. Rgd7 Kg8 49. Rc8# 1-0

[Event "DEM U10w 2016"]
[Site "Willingen GER"]
[Date "2016.05.17"]
[Round "5"]
[White "Arnold, Rubina"]
[Black "Wilmink, Anna"]
[Result "1-0"]
[Termination "normal"]
[Board "17"]
[WhiteElo "755"]
[BlackElo "833"]
[PlyCount "119"]
[WhiteFideId "16276272"]
[BlackFideId "16273680"]
[EventCountry "GER"]
[EventRounds "11"]
[EventType "swiss"]
[EventDate "2016.05.14"]

1. e4 e6 2. d4 d5 3. e5 c5 4. Nf3 Nc6 5. c3 Qb6 6. Bd3 Bd7 7. dxc5 Bxc5 8. O-O
Nge7 9. b4 Nxb4 10. cxb4 Bxb4 11. Be3 Bc5 12. Bxc5 Qxc5 13. Nbd2 Nf5 14. Nb3
Qe7 15. Bxf5 exf5 16. Qxd5 Bc6 17. Qd3 Be4 18. Qb5+ Bc6 19. Qc4 Rc8 20. Nfd4
Bd7 21. Qd3 Qg5 22. Nf3 Qg6 23. Nh4 Qg4 24. g3 Bc6 25. f3 Qb4 26. Nxf5 Bb5 27.
Nd6+ Kf8 28. Nxb5 Ke7 29. f4 Rhd8 30. Qxh7 Rc2 31. Qxc2 Qxb5 32. Qc7+ Rd7 33.
Qc5+ Qxc5+ 34. Nxc5 Rd5 35. Nxb7 Rd7 36. Na5 Rd5 37. Nc6+ Ke6 38. Nxa7 Rc5 39.
Rab1 Kd7 40. Nb5 Rc6 41. a4 Rc4 42. a5 Ra4 43. h4 Rxa5 44. h5 Ra6 45. g4 Rh6
46. Rbc1 g6 47. hxg6 Rxg6 48. g5 Ke6 49. Rc6+ Kf5 50. Rxg6 fxg6 51. Re1 Ke6 52.
f5+ Kxf5 53. e6 Kxg5 54. e7 Kf5 55. e8=Q Kg4 56. Qxg6+ Kh4 57. Qf7 Kg4 58. Re2
Kg5 59. Rg2+ Kh6 60. Qg6# 1-0